European Capitals on a Map - Statistics

General Stats
  • This quiz has been taken 30 times
  • The average score is 37 of 45
Answers on the Map
Answers color-coded by a green-red scale on the quiz's map according to % correct below.
 
Answer Stats
Answer % Correct
Berlin
96%
Brussels
96%
Dublin
96%
Lisbon
96%
London
96%
Luxembourg
96%
Monaco
96%
Moscow
96%
Vatican
96%
Amsterdam
91%
Athens
91%
Budapest
91%
Helsinki
91%
Kyiv
91%
Madrid
91%
Oslo
91%
Paris
91%
Vienna
91%
Bern
87%
Bucharest
87%
Rome
87%
San Marino
87%
Stockholm
87%
Warsaw
87%
Andorra la Vella
83%
Copenhagen
83%
Prague
83%
Reykjavik
83%
Riga
83%
Zagreb
83%
Minsk
78%
Sofia
78%
Tallinn
78%
Belgrade
74%
Ljubljana
74%
Vaduz
74%
Bratislava
70%
Sarajevo
70%
Tirana
70%
Vilnuis
70%
Chisinau
65%
Pristina
65%
Valletta
65%
Skopje
61%
Podgorica
57%
No matching quizzes found
Score Distribution
Percent of People with Each Score
Percentile by Number Answered
Your Score History
You have not taken this quiz